MARC

LEADER 00000nam0a2200000 4500
001 241629
005 20231101231829.0
020 |a RU  |b 90-49505 
035 |a (RuTPU)RU\TPU\book\262905 
090 |a 241629 
100 |a 20130808d1989 k y0rusy5003 ca 
101 0 |a rus 
102 |a RU 
105 |a a z 001zy 
200 1 |a Сверхпроводниковые электротехнические устройства  |e сборник научных трудов  |f Всесоюзный научно-исследовательский институт электромашиностроения (ВНИИэлектромаш) ; под ред. В. Г. Новицкого 
210 |a Ленинград  |c Изд-во ВНИИэлектромаш  |d 1989 
215 |a 168 с.  |c ил. 
320 |a Библиогр. в конце статей 
606 1 |a Электрофизические установки  |2 stltpush  |3 (RuTPU)RU\TPU\subj\20989  |9 46046 
610 1 |a генераторы 
610 1 |a исследование 
610 1 |a схемы 
610 1 |a магнитные поля 
610 1 |a теплопроводность 
610 1 |a расчет 
610 1 |a гелий 
610 1 |a течение 
610 1 |a фольговые выключатели 
610 1 |a сверхпроводники 
610 1 |a мощности 
610 1 |a измерение 
675 |a 621.31:53  |v 3 
702 1 |a Новицкий  |b В. Г.  |4 340 
712 0 2 |a Всесоюзный научно-исследовательский институт электромашиностроения (ВНИИэлектромаш)  |2 stltpush  |3 (RuTPU)RU\TPU\col\13871 
801 0 |a RU  |b RuMRKP  |c 19960705  |g psbo 
801 1 |a RU  |b 63413507  |c 20130808 
801 2 |a RU  |b 63413507  |c 20131118  |g RCR 
942 |c BK